1108 1443 1422 1392 1133 1282 1910 1884 1782 1066 1756 1993 1944 1839 1913 1850 1922 1945 1318 1126 1254 1389 1458 1576 1751 1192 1717 1696 1884 1429 1092 1816 1571 1358 1096 1340 1892 1514 1001 1591 1732 1260 1968 1109 1491 1647 1817 1598 1222 1277 1439 1669 1345 1681 1272 1100 1054 1452 1316 1874 1099 1391 1983 1304 1944 1524 1197 1713 1376 1890 1666 1652 1350 1743 1665 1474 1136 1681 1853 1324 1565 1178 1041 1305 1286 1065 1185 1673 1821 1202 1031 1251 1540 1286 1917 1189 1459 1244 1259 BCNSPRNW ULIB Ver.6.0+V

เปลี่ยนเป็นภาษาไทย

Change to English
 แสดงรายละเอียดบรรณานุกรม
  กลับหน้าหลัก

Brief Record : Get Marc (ISO 2709) : E-mail record : QR code < ปิดหน้าต่าง
LEADER : 00000nam 2200000uu 4500
001    13399111355
003     ULIB
008    110623s2549||||th 000 0 tha d
020    9749940725
060  4 QU4^bป469ช
100 0  ปรีชา สุวรรณพินิจ
245 10 ชีววิทยา 1 /^cปรีชา สุวรรณพินิจ, นงลักษณ์ สุวรรณพินิจ
250    พิมพ์ครั้งที่ 9
260    กรุงเทพฯ :^bสำนักพิมพ์แห่งจุฬาลงกรณ์มหาวิทยาลัย,^c2549
300    444 หน้า :^bภาพประกอบ ;^c27 ซม.
650  7 ชีววิทยา
650  7 วิทยาศาสตร์ชีวภาพ
945    ^p190^l0^i14091
945    ^p190^l0^i14090
995    กัณชพร
999 ^a ใช้งานได้ทุกระบบ
รายการนี้ยังไม่มีแท็ก
คุณยังไม่ได้ล็อกอิน คุณสามารถมีกิจกรรมร่วมกับเว็บไซต์ได้ แต่ต้องล็อกอินก่อน ::
  ล็อกอิน

รายการสื่อสารสนเทศ

ลำดับที่ ประเภท เลขเรียก/บาร์โค้ด สถานที่ สถานะ
1. วิทยาศาสตร์การแพทย์ และสุขภาพ
วิทยาศาสตร์การแพทย์ และสุขภาพ
QU4 ป469ช ฉ.2 
  Barcode: 14090
ห้องสมุดวิทยาเขตสวรรค์ประชารักษ์
►หนังสือทั่วไป
บนชั้น

รายการใกล้เคียง
    ผู้แต่ง [ปรีชา สุวรรณพินิจ]

    หัวเรื่อง [ชีววิทยา]
    หัวเรื่อง [วิทยาศาสตร์ชีวภาพ]

BibComment


ยังไม่เคยถูกคอมเมนท์

คอมเมนท์ทรัพยากรรายการนี้
  คอมเมนท์: ชีววิทยา 1 ปรีชา..


 Copyright 2026. Bcnsprnw @Library